Curator : are museum still necessary? /
保存先:
| 第一著者: | |
|---|---|
| フォーマット: | 不明 |
| 言語: | English |
| 出版事項: |
Estados Unidos :
[editor no identificado],
1994.
|
| 主題: | |
| タグ: |
タグ追加
タグなし, このレコードへの初めてのタグを付けませんか!
|
MARC
| LEADER | 000000000a22000000004500 | ||
|---|---|---|---|
| 001 | 004289 | ||
| 041 | 0 | |a eng | |
| 082 | 0 | 4 | |a 4428 |
| 100 | 1 | |a Alan Watkins, Charles | |
| 245 | 1 | 0 | |a Curator : |b are museum still necessary? / |c Charles Alan Watkins. |
| 260 | 1 | |a Estados Unidos : |b [editor no identificado], |c 1994. | |
| 300 | |a páginas 25-35 | ||
| 650 | 4 | |a MUSEOS | |
| 650 | 4 | |a MUSEOLOGIA | |
| 999 | |c 10513 |d 10513 | ||
| 942 | |c BK |h 4428 |2 z | ||
